Fußball: Europas Meister 2025/26 - Statistiken

Allgemein
  • Dieses Quiz wurde 58 mal gespielt
  • Das Durchschnittsergebnis liegt bei 14 aus 20
Antwortstatistiken
Land Anmerkung Meister % Korrekt
Deutschland 13. Titel in 14 Jahren Bayern München
98%
Frankreich 14. Titel insgesamt, 5. in Folge Paris Saint-Germain
94%
Italien 21. Titel insgesamt, zuletzt 2024 Meister Inter Mailand
92%
England 14. Titel insgesamt, erster seit 2004 Arsenal
90%
Niederlande 27. Titel insgesamt, 3. in Folge PSV Eindhoven
88%
Portugal 31. Titel insgesamt, erster seit 2022 FC Porto
86%
Kroatien 26. Titel insgesamt, zuletzt 2024 Meister Dinamo Zagreb
84%
Spanien 29. Titel insgesamt, 2. in Folge FC Barcelona
84%
Türkei 26. Titel insgesamt, 4. in Folge Galatasaray
84%
Belgien 20. Titel insgesamt, zuletzt 2024 Meister Club Brügge
82%
Schottland 56. Titel insgesamt, 5. in Folge Celtic
80%
Griechenland 14. Titel insgesamt, zuletzt 2023 Meister AEK Athen
73%
Schweiz 1. Titel, als Aufsteiger Meister geworden FC Thun
67%
Ukraine 16. Titel insgesamt, zuletzt 2024 Meister Schachtar Donezk
65%
Tschechien 9. Titel insgesamt, 2. in Folge Slavia Prag
63%
Österreich 2. Titel nach 1965 LASK
61%
Polen 10. Titel insgesamt, 2. in Folge Lech Poznań
55%
Dänemark 6. Titel insgesamt, erster seit 1986 Aarhus GF
33%
Bulgarien 27. Titel insgesamt, erster seit 2009 Lewski Sofia
29%
Rumänien 5. Titel insgesamt, erster seit 1991 Universitatea Craiova
24%
Keine übereinstimmenden Quizze gefunden
Verteilung der Resultate
Anzahl Personen mit jedem Resultat
Perzentil nach korrekt beantworteten Fragen
Ihre Resultats-Entwicklung
Sie haben dieses Quiz noch nicht gespielt